Entre la retorica y la insurgencia : (Record no. 933)

000 -CABECERA
fixed length control field 01503nam a22003257a 4500
003 - IDENTIFICADOR DEL NÚMERO DE CONTROL
control field AR-CdUCM
008 - DATOS DE LONGITUD FIJA--INFORMACIÓN GENERAL
fixed length control field 190225b ||||| |||| 00| 0 spa d
020 ## - NÚMERO INTERNACIONAL ESTÁNDAR DEL LIBRO
ISBN 10220895
040 ## - FUENTE DE LA CATALOGACIÓN
Agencia/entidad que catalogó originalmente la obra MUNICIPALIDAD PROVINCIAL DEL CUSCO
Entidad que transcribió la catalogación BIBLIOTECA MUNICIPAL DEL CUSCO
082 ## - NÚMERO DE LA CLASIFICACIÓN DECIMAL DEWEY
No. de Clasificación 980 /
Notacion interna W22
100 ## - ENTRADA PRINCIPAL--NOMBRE DE PERSONA
Nombre Personal Walker, Charles
245 ## - MENCIÓN DE TÍTULO
Título Entre la retorica y la insurgencia :
Resto del título las ideas y los movimientos sociales en los Andes, siglo XVIII /
260 ## - PUBLICACIÓN, DISTRIBUCIÓN, ETC.
Lugar de publicación, distribución, etc. Cusco :
Nombre de la editorial, distribuidor, etc. Centro Bartolome de las Casas,
Fecha de publicación, distribución, etc. 1996.
300 ## - DESCRIPCIÓN FÍSICA
Nº de Páginas Extensión 362 páginas ;
Otros detalles físicos Cuadros.
Dimensiones 23 cm.
440 ## - MENCIÓN DE SERIE/PUNTO DE ACCESO ADICIONAL--TÍTULO
Título Estudios y debates regionales andinos
Número de la parte/sección de una obra 92
9 (RLIN) 3599
505 ## - NOTA DE CONTENIDO CON FORMATO
Nota de contenido formateada Contenido: La plebe ilustrada: el pueblo en las fronteras de la razón -- Tiranía o buen gobierno: Escolaticismo y criticismo en el Perú del siglo XVIII -- Voces discordantes: discursos alternativos sobre el indio a fines de la colonia -- Españoles patricios y españoles europeos: conflictos intra-elites e identidades en la ciudad de La Paz en vísperas de la independencia 1770-1809 ...
650 ## - PUNTO DE ACCESO ADICIONAL DE MATERIA--TÉRMINO DE MATERIA
Descriptor Rebeliones
9 (RLIN) 3600
650 ## - PUNTO DE ACCESO ADICIONAL DE MATERIA--TÉRMINO DE MATERIA
Descriptor Ande
9 (RLIN) 3601
650 ## - PUNTO DE ACCESO ADICIONAL DE MATERIA--TÉRMINO DE MATERIA
Descriptor Clero
9 (RLIN) 3602
700 ## - PUNTO DE ACCESO ADICIONAL--NOMBRE DE PERSONA
Nombre Personal Estenssoro Fuchs, Juan Carlos
9 (RLIN) 3603
700 ## - PUNTO DE ACCESO ADICIONAL--NOMBRE DE PERSONA
Nombre Personal Peralta Ruiz, Víctor
9 (RLIN) 3289
700 ## - PUNTO DE ACCESO ADICIONAL--NOMBRE DE PERSONA
Nombre Personal Barragán, Rossana
9 (RLIN) 3604
700 ## - PUNTO DE ACCESO ADICIONAL--NOMBRE DE PERSONA
Nombre Personal Hidalgo L., Jorge
9 (RLIN) 3605
700 ## - PUNTO DE ACCESO ADICIONAL--NOMBRE DE PERSONA
Nombre Personal Serúlnikov, Sergio
9 (RLIN) 3606
700 ## - PUNTO DE ACCESO ADICIONAL--NOMBRE DE PERSONA
Nombre Personal Garzón Heredia, Emilio
9 (RLIN) 3607
700 ## - PUNTO DE ACCESO ADICIONAL--NOMBRE DE PERSONA
Nombre Personal Sala i Vila, Núria
9 (RLIN) 3608
700 ## - PUNTO DE ACCESO ADICIONAL--NOMBRE DE PERSONA
Nombre Personal O'phelan Godoy, Scarlett
9 (RLIN) 621
942 ## - ELEMENTOS DE PUNTO DE ACCESO ADICIONAL (KOHA)
Fuente de clasificación
Tipo de item Libros-BMC
945 ## - PROCESAMIENTO DE INFORMACIÓN LOCAL (OCLC)
Catalogador afb
AAAA-MM-DD - Fecha de ingreso o modificacion 2019-02-25
Holdings
Estado de retiro (separado) Fuente de clasificación o esquema de estanterías Estado dañado Ubicación Sala donde se ubica Nombre de la colección Fecha de adquisición o compra Costo, precio normal en soles Signatura topográfica Código de Barras Última vez visto (Koha) Tipo de ítem (Koha)
No     Sala Humanidades Sala Humanidades Book Cart 2019-02-25 40.00 980 / W22 SH0000001009 2019-02-25 Libros-BMC

Powered by Koha